| 000 | 00366 a2200169 4500 | ||
|---|---|---|---|
| 001 | 73729 | ||
| 020 | _a8525002143 | ||
| 040 | _cAnchieta - Colégio São Paulo | ||
| 100 | _aQuintana, Mário | ||
| 240 | 1 | 0 |
_a80 anos de poesia _lpor |
| 245 | 1 | 0 | _a80 anos de poesia |
| 300 | _a171 | ||
| 362 | 0 | _a0 | |
| 440 | 1 | _aGlobo | |
| 650 | 4 | _aPoesia brasileira | |
| 942 | _cBK | ||
| 999 |
_c73729 _d73729 |
||